00684nam a2200169 i 450000100060000000300090000600500170001500700030003200800410003510000390007624501460011526000730026130000220033485200210035699900170037795201200039434203ES-MaACL20230906154907.0t|030204s1910 sp ||||1| spa d1 aBlanco y Sánchez, Rufino.92931110aPedagogía española b: Quintana : sus ideas pedagógicas, su política y su significación filosófica / cRufino Blanco y Sánchez. aMadrid : b[s.n., c1910] (fTipografía de la Revista de Archivos) a142 p. ; c18 cm. aES-MaACLjF-9834 c34203d34203 00104070aATENEOMbATENEOMcSPP2d2008-01-17eSCl0oF-9834p1035666r2023-02-23 00:00:00w2023-02-23yMONOGRAFIA